A second German course for science students : (Record no. 61703)
[ view plain ]
| 000 -LEADER | |
|---|---|
| fixed length control field | 00779nam a2200229ua 4500 |
| 001 - CONTROL NUMBER | |
| control field | 61703 |
| 003 - CONTROL NUMBER IDENTIFIER | |
| rucl marc code | BD-RjUL |
| 005 - DATE AND TIME OF LATEST TRANSACTION | |
| control field | 20211209081007.0 |
| 008 - FIXED-LENGTH DATA ELEMENTS--GENERAL INFORMATION | |
| fixed length control field | 170121r19561921enk 000 0 eng |
| 035 ## - SYSTEM CONTROL NUMBER | |
| System control number | (BD-RjUL)61827 |
| 040 ## - CATALOGING SOURCE | |
| Original cataloging agency | BD-RjUL |
| Transcribing agency | BD-RjUL |
| Language of cataloging | eng |
| 041 ## - LANGUAGE CODE | |
| Language code of text/sound track or separate title | eng |
| 082 ## - DEWEY DECIMAL CLASSIFICATION NUMBER | |
| Edition number | 23 |
| Classification number | 438.7 |
| Author mark and year | FIS 1956 |
| 100 1# - MAIN ENTRY--PERSONAL NAME | |
| Personal name | Fiedler, Hermann Georg |
| 9 (RLIN) | 183759 |
| 245 02 - TITLE STATEMENT | |
| Title | A second German course for science students : |
| Remainder of title | readings from recent German scientific publications / |
| Statement of responsibility, etc. | Hermann Georg Fiedler |
| 250 ## - EDITION STATEMENT | |
| Edition statement | 2d ed. |
| 260 ## - PUBLICATION, DISTRIBUTION, ETC. (IMPRINT) | |
| Place of publication, distribution, etc. | London : |
| Name of publisher, distributor, etc. | Oxford university press, |
| Date of publication, distribution, etc. | 1921(Impression 1956) |
| 300 ## - PHYSICAL DESCRIPTION | |
| Pagination | 121 p. : |
| Illustrations | ill. ; |
| Size | 22 cm. |
| 650 #0 - SUBJECT ADDED ENTRY--TOPICAL TERM | |
| Topical term or geographic name as entry element | German language |
| Form subdivision | Readers |
| General subdivision | Science |
| 9 (RLIN) | 183760 |
| 700 1# - ADDED ENTRY--PERSONAL NAME | |
| Personal name | Sandbach, Francis E. |
| Fuller form of name | (Francis Edward), |
| 942 ## - ADDED ENTRY ELEMENTS (KOHA) | |
| Source of classification or shelving scheme | Dewey Decimal Classification |
| Koha item type | Books |
| Lost status | Source of classification or shelving scheme | Damaged status | Not for loan | Collection code | Permanent Location | Current Location | Shelving location | Date acquired | Source of acquisition | Cost, normal purchase price | Total Checkouts | Full call number | Date last seen | Copy number | Koha item type |
|---|---|---|---|---|---|---|---|---|---|---|---|---|---|---|---|
| Dewey Decimal Classification | Not For Loan | Non-fiction | Central Library, University of Rajshahi | Central Library, University of Rajshahi | Reading Room | 28/03/1961 | Mirza book agency | 6.37 | 438.7 FIS 1956 | 21/01/2017 | C-1 | Books |